000 00659nam a2200217Ia 4500
005 20260429112231.0
008 260429s9999||||xx |||||||||||||| ||und||
020 _a9781265524487
041 _aEnglish
082 _a658.4092
_bBRA
100 _aBrazie, Randy
245 0 _aSteadfast leader :
_bcontrol anxiety, make confident decisions, and focus your team using the new science of leadership /
_cRandy Brazie
260 _aNew York :
_bMc Graw Hill,
_c2023.
300 _axvi, 238 p.; hb
650 _a Executive management
650 _a Leader
650 _a Leadership
650 _aManagement
700 _a Vanderpal, Geoffrey
942 _cTB
999 _c53035
_d53035